| 000 | 00936cam a2200289 i 4500 | ||
|---|---|---|---|
| 999 |
_c127768 _d127768 |
||
| 001 | 843422 | ||
| 003 | ARRUPE | ||
| 005 | 20180323120009.0 | ||
| 008 | 780208s1977 fr a b 000 0 fre | ||
| 010 | _a 77570145 | ||
| 015 | _aF*** | ||
| 020 | _c45.00F | ||
| 040 |
_aDLC _cDLC _dDLC |
||
| 043 | _afb----- | ||
| 050 | 0 | 0 |
_aBL2466 _b.T48 |
| 082 | 0 | 0 | _a200/.967 |
| 100 | 1 |
_aThomas, Louis-Vincent, _d1922- _938364 |
|
| 245 | 1 | 4 |
_aLes sages dépossédés : _bunivers magiques d'Afrique du Nord / _cLouis-Vincent Thomas, René Luneau. |
| 260 |
_aParis : _bR. Laffont, _c[c1977] |
||
| 300 |
_a306 p. : _bill. ; _c22 cm. |
||
| 490 | 0 | _aAux origines du sacré | |
| 504 | _aIncludes bibliographical references. | ||
| 650 | 0 |
_aOccultism _zAfrica, Sub-Saharan. _940945 |
|
| 651 | 0 |
_aAfrica, Sub-Saharan _xReligion. _940946 |
|
| 700 | 1 |
_aLuneau, René, _ejoint author. _938510 |
|
| 906 |
_a7 _bcbc _corignew _d4 _encip _f19 _gy-gencatlg |
||
| 942 |
_2lcc _cMONOGRAPH |
||